| 000 | 00833nam a2200217 a 4500 | ||
|---|---|---|---|
| 001 | BRCA_2088 | ||
| 005 | 20190320203649.0 | ||
| 008 | 110808s1989----mx-a---###---#000-0#spa-# | ||
| 050 | 4 |
_aF1391.P8 _b.L43 26 _c1989 |
|
| 100 | 1 |
_aCastro Morales, Efraín _96342 |
|
| 245 | 1 | 0 |
_aLos órganos de la Nueva España y sus artifices _cEfraín Castro Morales. |
| 260 |
_aPuebla, México _bGobierno del Estado de Puebla : Secretaría de Cultura : Comisión Puebla V Centenario _c1989 |
||
| 300 |
_a52 p. _c21 cm. |
||
| 440 | 0 |
_aLecturas Históricas de Puebla _n26 _96343 |
|
| 500 | _aBibliografía: p. 49-52 | ||
| 650 | 1 | 4 |
_aInstrumentos musicales _xÓrganos españoles _zNueva España _96344 |
| 651 | 4 |
_aPuebla (México) _xHistoria _9409 |
|
| 651 | 4 |
_aPuebla (México) _xVida social y costumbres _9408 |
|
| 653 | 0 | _aVida cotidiana | |
| 942 |
_2lcc _cB |
||
| 999 |
_c1845 _d1845 |
||